| 000 | 00435cam a2200181ua 4500 | ||
|---|---|---|---|
| 020 | _c8.40 | ||
| 041 |
_aeng _h |
||
| 082 |
_a028.73080 _bCOH/PE |
||
| 100 | _aCohen, M J . | ||
| 245 |
_aPenguin dictionary of quotations / _cM J Cohen. _hTextual Documents |
||
| 250 |
_a1 / _b. |
||
| 260 |
_aBellomore : _bPenguin Books , _c1961. |
||
| 300 | _a663 ; . | ||
| 365 | _a8.40 | ||
| 504 | _a | ||
| 942 | _cBK | ||
| 999 |
_c9880 _d9880 |
||